000 00480nam a22001097a 4500
008 110627t xxu||||| |||| 00| 0 eng d
010 _aHCMAF104
245 _aHigh Court HCT-01-CV-MA-0016-2002 (Arising from C.S 14/1985 Nyaburara) Benard Tinkasimire Vs Stanley Tumusiime and another
260 _c2002
500 _aBEFORE: THE HONOURABLE MR. JUSTICE ELDAD MWANGUSYA
999 _c4151
_d4151